Campeões da Copa das Nações da OFC - Statistics

Estatísticas Gerais
  • Esse quiz foi jogado 51 vezes
  • A pontuação média é 7 de 9
Estatísticas das Respostas
Resposta % Correto
Nova Zelândia
100%
Austrália
98%
Fiji
90%
Papua Nova Guiné
86%
Vanuatu
81%
Ilhas Salomão
79%
Taiti
79%
Nova Caledônia
50%
Oceania (sem sede fixa)
5%
Nenhum quiz correspondente encontrado
Distribuição das Pontuações
Porcentagem de Pessoas com Cada Pontuação
Percentil de Números Respondidos
Sua Pontuação Histórica
Você não jogou esse quiz